Our favourite shapes

Bibliographic Details
Format: Book
Published: Australia : The Five Mile Press , 2004
Series:Hi5
Subjects:

MARC

LEADER 00000cam a2200000 7i4500
001 0000006339
005 20220105104021.0
008 070816
020 |a 1741245001 
090 0 0 |a JP   |b ENG (5923) 
245 0 0 |a Our favourite shapes 
260 |a Australia :   |b The Five Mile Press ,   |c 2004 
440 0 |a Hi5 
500 |a Children age 4-6 years old (yellow) 
650 0 |a Junior preschool   |x English   |x Languages 
999 |a 0000983434   |b Book   |c Children Collection   |e Perbadanan Perpustakaan Awam Johor